[Event "22. Copenhagen Open  (Politiken Cup)"]
[Site "Copenhagen"]
[Date "2000.07.25"]
[Round "8"]
[White "Nielsen, Thomas"]
[Black "Nilsson, Lars Kjoller"]
[Result "1-0"]
[WhiteElo "1809"]
[BlackElo "2061"]
[PlyCount "93"]
[EventDate "2000.07.17"]
[EventType "swiss"]
[EventRounds "11"]
[EventCountry "DEN"]
[SourceDate "2004.01.01"]

1. d4 Nf6 2. c4 c5 3. d5 b5 4. cxb5 a6 5. b6 Qxb6 6. Nc3 d6 7. e4 g6 8. Nf3
Nbd7 9. Nd2 Qc7 10. Qa4 Rb8 11. a3 Bg7 12. Nc4 O-O 13. Qc2 h6 14. Bd3 Kh7 15.
f4 Nb6 16. O-O Nfd7 17. Be3 Nxc4 18. Bxc4 Nb6 19. Be2 $11 f5 20. Bf3 Nc4 21.
Bc1 Bd4+ 22. Kh1 Ne3 23. Bxe3 Bxe3 24. Ne2 c4 25. b4 a5 26. Qc3 Bb6 27. Rfc1
fxe4 28. Bxe4 Bg4 29. Bxg6+ Kxg6 30. Qg3 Kf5 31. Re1 Rg8 32. Qh4 Bxe2 33. Rxe2
Rg4 34. Qh5+ Kf6 35. Qxg4 Bd4 36. Re6+ Kf7 37. Qh5+ Kg8 38. Rae1 Bf6 39. Qxh6
axb4 40. axb4 c3 41. Qg6+ Kf8 42. Rxf6+ exf6 43. Qxf6+ Kg8 44. Re7 Qxe7 45.
Qxe7 Rxb4 46. h3 c2 47. Qg5+ 1-0

[Event "22. Copenhagen Open  (Politiken Cup)"]
[Site "Copenhagen"]
[Date "2000.07.25"]
[Round "8"]
[White "Olsen, Miriam Frida"]
[Black "Bogdanov, Max"]
[Result "1-0"]
[WhiteElo "1437"]
[BlackElo "1067"]
[Annotator "Carsten Petersen"]
[PlyCount "115"]
[EventDate "2000.07.17"]
[EventType "swiss"]
[EventRounds "11"]
[EventCountry "DEN"]
[SourceDate "2004.01.01"]

1. e4 c6 2. d4 d5 3. e5 Bf5 4. c3 e6 5. Be2 Ne7 6. Nf3 Nc8 7. Nbd2 Nb6 8. O-O
Be7 9. a4 a5 10. Ne1 N8d7 11. Nc2 h6 12. Ne3 Bg6 13. f4 O-O 14. f5 exf5 15.
Nxf5 Bxf5 16. Rxf5 c5 17. Bb5 Rc8 18. Rh5 cxd4 19. cxd4 f5 20. Bd3 Bg5 21. Qe1
Qc7 22. h4 g6 {[#]} 23. hxg5 gxh5 24. e6 hxg5 25. exd7 Qxd7 26. Nb3 Rfe8 27.
Qf2 f4 28. Bb5 Qg4 29. Bxe8 Rxe8 30. Bd2 Nc4 31. Qf3 Qxf3 32. gxf3 b6 33. Bc3
Re2 34. Kf1 Rc2 35. Rc1 Rxc1+ (35... Ne3+ 36. Kg1 Rg2+ 37. Kh1 Rf2 $13 {Fritz})
36. Nxc1 g4 37. fxg4 hxg4 38. Nd3 f3 39. Ne5 Nxe5 40. dxe5 Kf7 41. Bd4 Ke6 42.
Kf2 Kf5 43. Kg3 Ke6 44. Kxg4 f2 45. Bxf2 Kxe5 46. Bxb6 Ke4 47. Bxa5 d4 48. b4
d3 49. b5 d2 50. Bxd2 Kd5 51. b6 Kc6 52. a5 Kb7 53. Kf5 Ka6 54. Ke6 Kb7 55. Kd7
Ka8 56. a6 Kb8 57. b7 Ka7 58. Bf4 1-0

[Event "22. Copenhagen Open  (Politiken Cup)"]
[Site "Copenhagen"]
[Date "2000.07.25"]
[Round "8"]
[White "Pedersen, Christian Kyndel"]
[Black "Christensen, Stefan"]
[Result "1/2-1/2"]
[WhiteElo "2127"]
[BlackElo "2176"]
[PlyCount "45"]
[EventDate "2000.07.17"]
[EventType "swiss"]
[EventRounds "11"]
[EventCountry "DEN"]
[SourceDate "2004.01.01"]

1. d4 Nf6 2. c4 e6 3. Nf3 b6 4. a3 Bb7 5. Nc3 d5 6. cxd5 Nxd5 7. Qc2 c5 8. e4
Nxc3 9. bxc3 Be7 10. Bd3 O-O 11. O-O h6 12. Rd1 cxd4 13. cxd4 Nc6 14. Qe2 Nxd4
15. Nxd4 Qxd4 16. Bb2 Qa4 17. Qg4 Bg5 18. Qg3 Kh8 19. h4 Bf6 20. Bxf6 gxf6 21.
Qf4 Kg7 22. Qg4+ Kh8 23. Qf4 1/2-1/2

[Event "22. Copenhagen Open  (Politiken Cup)"]
[Site "Copenhagen"]
[Date "2000.07.25"]
[Round "8"]
[White "Pedersen, Steen"]
[Black "Andersen, Matias Lolk"]
[Result "1-0"]
[WhiteElo "1755"]
[BlackElo "1096"]
[PlyCount "68"]
[EventDate "2000.07.17"]
[EventType "swiss"]
[EventRounds "11"]
[EventCountry "DEN"]
[SourceDate "2004.01.01"]

1. e4 e5 2. Nf3 Nc6 3. Bc4 Bc5 4. Nc3 Nf6 5. d3 h6 6. Na4 Bb6 7. Nxb6 axb6 8.
c3 d6 9. h3 Be6 10. Bxe6 fxe6 11. O-O Qe7 12. b4 b5 13. a4 Kd7 14. Be3 bxa4 15.
Rxa4 b5 16. Rxa8 Rxa8 17. c4 bxc4 18. b5 Nd8 19. dxc4 Nf7 20. b6 cxb6 21. Qb3
Rb8 22. Qb5+ Kc8 23. Ra1 Qd7 $11 24. Qb1 Qc6 25. Nd2 Nd7 26. Qd1 Kd8 27. Qg4
Ke7 28. Qxg7 Nf6 29. Bxh6 Qb7 30. Bg5 Rh8 31. Bxf6+ Ke8 32. Qg6 Rf8 33. Bg7 Rg8
34. Qxe6+ Qe7 1-0

[Event "22. Copenhagen Open  (Politiken Cup)"]
[Site "Copenhagen"]
[Date "2000.07.25"]
[Round "8"]
[White "Petersen, Kim Linde"]
[Black "Rubeksen, Thomas Hans"]
[Result "1-0"]
[WhiteElo "1454"]
[BlackElo "1210"]
[PlyCount "65"]
[EventDate "2000.07.17"]
[EventType "swiss"]
[EventRounds "11"]
[EventCountry "DEN"]
[SourceDate "2004.01.01"]

1. e4 e5 2. d3 Nc6 3. f4 exf4 4. Bxf4 d6 5. Nc3 Qf6 6. Qd2 Be6 7. Nf3 Bg4 8.
Be2 Bxf3 9. Bxf3 Nd4 10. O-O c6 11. e5 Nxf3+ 12. Rxf3 Qd8 13. Re1 d5 14. Bg5
Be7 15. Qf4 Qb6+ 16. d4 O-O-O 17. Qg4+ Kb8 18. Bc1 g6 19. Rxf7 Re8 20. Qh3 h6
21. Ref1 Qxd4+ 22. Be3 Qxe5 23. Bf4 Qxf4 24. R1xf4 Nf6 25. R7xf6 Bxf6 26. Rxf6
a6 27. Qd7 Ka7 28. Rf7 Kb6 29. Qxb7+ Kc5 30. Na4+ Kd4 31. Qb4+ Ke5 32. Qf4+ Ke6
33. Nc5# 1-0

[Event "22. Copenhagen Open  (Politiken Cup)"]
[Site "Copenhagen"]
[Date "2000.07.25"]
[Round "8"]
[White "Petersen, Lars"]
[Black "Kokholm, Daniel"]
[Result "1/2-1/2"]
[WhiteElo "2097"]
[BlackElo "1732"]
[PlyCount "26"]
[EventDate "2000.07.17"]
[EventType "swiss"]
[EventRounds "11"]
[EventCountry "DEN"]
[SourceDate "2004.01.01"]

1. e4 d5 2. exd5 Qxd5 3. Nc3 Qa5 4. d4 c6 5. Nf3 Nf6 6. Bc4 Bf5 7. Bd2 e6 8.
Qe2 Bb4 9. O-O Nbd7 10. a3 Bxc3 11. Bxc3 Qc7 12. b4 O-O 13. Bb2 Qf4 1/2-1/2

[Event "22. Copenhagen Open  (Politiken Cup)"]
[Site "Copenhagen"]
[Date "2000.07.25"]
[Round "8"]
[White "Petersen, Nils"]
[Black "Hovmoller, Kristian"]
[Result "1/2-1/2"]
[WhiteElo "2038"]
[BlackElo "2170"]
[PlyCount "83"]
[EventDate "2000.07.17"]
[EventType "swiss"]
[EventRounds "11"]
[EventCountry "DEN"]
[SourceDate "2004.01.01"]

1. c4 c5 2. Nf3 d6 3. d4 cxd4 4. Nxd4 b6 5. Nc3 Bb7 6. e4 Nf6 7. Bd3 e6 8. O-O
Nbd7 9. f3 a6 10. Be3 Be7 11. Qd2 Qc7 12. Rfc1 O-O 13. Be2 Rfe8 14. a4 Ne5 15.
b3 Nfd7 16. Kh1 Nc6 17. Nxc6 Qxc6 18. Rd1 Rad8 19. a5 Nc5 20. Qc2 bxa5 21. Rxa5
Qc7 22. Ra2 Nd7 23. Na4 Rc8 24. Qd2 Nc5 25. Nxc5 dxc5 26. Qa5 Red8 27. Rxd8+
Qxd8 28. Qxd8+ Rxd8 29. Kg1 Kf8 30. Ra5 Rc8 31. e5 Ke8 32. Kf2 Kd7 33. f4 Rc7
34. Bf3 Bxf3 35. gxf3 Rc6 36. Ke2 Rb6 37. Ra3 Kc6 38. Kd3 Kb7 39. Kc2 Rc6 40.
Ra5 g6 41. Ra1 Kc8 42. Bd2 1/2-1/2

[Event "22. Copenhagen Open  (Politiken Cup)"]
[Site "Copenhagen"]
[Date "2000.07.25"]
[Round "8"]
[White "Petersen, Steen"]
[Black "Grubert, Christian"]
[Result "1/2-1/2"]
[WhiteElo "2162"]
[BlackElo "2060"]
[PlyCount "81"]
[EventDate "2000.07.17"]
[EventType "swiss"]
[EventRounds "11"]
[EventCountry "DEN"]
[SourceDate "2004.01.01"]

1. d4 Nf6 2. c4 g6 3. Nc3 Bg7 4. e4 d6 5. f3 O-O 6. Nge2 Nbd7 7. Bg5 e5 8. d5
a5 9. Qd2 Nc5 10. g4 h6 11. Bxh6 Nfxe4 12. Nxe4 Nxe4 13. fxe4 Qh4+ 14. Ng3 Bxh6
15. Qg2 Bxg4 16. Be2 Be3 17. h3 Bf4 18. hxg4 Qxg3+ 19. Qxg3 Bxg3+ 20. Kd2 c6
21. Bd3 Rfc8 22. Rh3 Bf4+ 23. Ke2 a4 24. Rah1 Kg7 25. Rh7+ Kf6 26. Rf1 c5 27.
Rh3 Rab8 28. Rb1 Rh8 29. Rbh1 Rxh3 30. Rxh3 Bc1 31. Bc2 b5 32. cxb5 Rxb5 33.
Rf3+ Bf4 34. b3 axb3 35. Rxb3 Ra5 36. Bb1 Ra6 37. Rb7 Kg5 38. Kf3 Ra3+ 39. Rb3
Bc1 40. Rxa3 Bxa3 41. Bd3 1/2-1/2

[Event "22. Copenhagen Open  (Politiken Cup)"]
[Site "Copenhagen"]
[Date "2000.07.25"]
[Round "8"]
[White "Petersen, Steffen"]
[Black "Bering, Anders"]
[Result "0-1"]
[WhiteElo "2121"]
[BlackElo "1943"]
[PlyCount "76"]
[EventDate "2000.07.17"]
[EventType "swiss"]
[EventRounds "11"]
[EventCountry "DEN"]
[SourceDate "2004.01.01"]

1. e4 c5 2. Nf3 d6 3. d4 cxd4 4. Nxd4 Nf6 5. Nc3 g6 6. Bc4 Bg7 7. Be3 Ng4 8.
Bb5+ Kf8 9. O-O Be5 10. h3 Nxe3 11. fxe3 Kg7 12. Bc4 f6 13. Nd5 Nc6 14. Nf4
Bxd4 15. exd4 Qb6 16. c3 Qxb2 17. Nd5 Qa3 18. Qf3 Rf8 19. Rab1 Qa5 20. Rb5 Qd8
21. Nf4 Kh8 22. Qg3 Qe8 23. e5 dxe5 24. dxe5 Nxe5 25. Rxe5 fxe5 26. Nxg6+ hxg6
27. Rxf8+ Qxf8 28. Qxg6 Bf5 29. Qh5+ Bh7 30. Bd3 Qg7 31. g4 Rd8 32. Be4 Kg8 33.
Bxb7 Qf6 34. g5 Qb6+ 35. Kh2 Qxb7 36. g6 Rd2+ 37. Kg3 Qg2+ 38. Kh4 Qf2+ 0-1

[Event "22. Copenhagen Open  (Politiken Cup)"]
[Site "Copenhagen"]
[Date "2000.07.25"]
[Round "8"]
[White "Radovic, Slobodan"]
[Black "Jacobsen, Jesper Howalt"]
[Result "0-1"]
[WhiteElo "1389"]
[BlackElo "1289"]
[PlyCount "88"]
[EventDate "2000.07.17"]
[EventType "swiss"]
[EventRounds "11"]
[EventCountry "DEN"]
[SourceDate "2004.01.01"]

1. c4 e5 2. Nc3 Nc6 3. g3 Nf6 4. Nf3 d6 5. Bg2 Be7 6. Nd5 Nxd5 7. cxd5 Nb8 8.
d4 e4 9. Nd2 f5 10. Qc2 O-O 11. h4 Nd7 12. Nxe4 fxe4 13. Bxe4 Nf6 14. f3 Nxe4
15. fxe4 Bg4 16. Bf4 Qd7 17. O-O-O c6 18. Kb1 cxd5 19. Rd2 dxe4 20. Qb3+ d5 21.
h5 Rac8 22. e3 Rc6 23. Rhh2 Rfc8 24. a3 Rc1+ 25. Ka2 Qc6 26. h6 g6 27. Rhf2 Qc4
28. Qxc4 R8xc4 29. Bb8 a6 30. Rf4 Bf3 31. Rf2 Rc8 32. Be5 Bg5 33. R4xf3 exf3
34. Rxf3 Rf8 35. Bf4 Bxf4 36. gxf4 Rf5 37. Rh3 Rh5 38. Rg3 Kf7 39. a4 Rh2 40.
e4 dxe4 41. Rb3 Rc7 42. Re3 Rxh6 43. Rxe4 Re7 44. Re5 Rxe5 0-1

[Event "22. Copenhagen Open  (Politiken Cup)"]
[Site "Copenhagen"]
[Date "2000.07.25"]
[Round "8"]
[White "Rasmussen, Allan Stig"]
[Black "Eriksson, Johan"]
[Result "1/2-1/2"]
[WhiteElo "2199"]
[BlackElo "2369"]
[PlyCount "34"]
[EventDate "2000.07.17"]
[EventType "swiss"]
[EventRounds "11"]
[EventCountry "DEN"]
[SourceDate "2004.01.01"]

1. e4 c5 2. d3 Nc6 3. c3 d5 4. Nd2 Nf6 5. g3 e5 6. Bg2 Be7 7. Ngf3 O-O 8. O-O
Re8 9. Re1 d4 10. c4 a6 11. h3 b5 12. b3 Nd7 13. Nh2 bxc4 14. Nxc4 a5 15. f4 a4
16. Bd2 axb3 17. axb3 Rxa1 1/2-1/2

[Event "22. Copenhagen Open  (Politiken Cup)"]
[Site "Copenhagen"]
[Date "2000.07.25"]
[Round "8"]
[White "Resika, Nathan A"]
[Black "Laursen, Niels Norskov"]
[Result "1/2-1/2"]
[WhiteElo "2267"]
[BlackElo "2079"]
[PlyCount "118"]
[EventDate "2000.07.17"]
[EventType "swiss"]
[EventRounds "11"]
[EventCountry "DEN"]
[SourceDate "2004.01.01"]

1. e4 c5 2. Nf3 d6 3. d4 cxd4 4. Nxd4 Nf6 5. Nc3 g6 6. Be3 Bg7 7. f3 O-O 8. Qd2
Nc6 9. O-O-O Nxd4 10. Bxd4 Be6 11. Kb1 Qc7 12. g4 Rfc8 13. h4 Qa5 14. a3 Rab8
15. Nd5 Qxd2 16. Rxd2 Bxd5 17. exd5 a6 18. h5 b5 19. hxg6 hxg6 20. Rdh2 Kf8 21.
Be2 Ng8 22. Bxg7+ Kxg7 23. f4 Rc5 24. Rd1 Nf6 25. g5 Nd7 26. b4 Rc3 27. Bd3 Rc7
28. Rdh1 Nf8 29. Kb2 Ra7 30. Rh8 Rbb7 31. R1h3 Rb6 32. c3 Rbb7 33. f5 gxf5 34.
Bxf5 Rc7 35. Bd3 e6 36. dxe6 fxe6 37. R8h4 d5 38. Bc2 Rf7 39. Kb3 Rad7 40. Bd3
Rb7 41. g6 Rfe7 42. Rg3 Kg8 43. Rgh3 Kg7 44. Rg3 Kg8 45. a4 Rg7 46. axb5 axb5
47. Rh2 Rb6 48. Rh5 Rbb7 49. Rg1 Rb6 50. Rg2 Rbb7 51. Rh1 Rb6 52. Rh5 Rbb7 53.
Rh1 Rb6 54. Ra1 Rgb7 55. Ra8 Kg7 56. Rf2 Nxg6 57. Bxg6 Kxg6 58. Rg8+ Kh7 59.
Rg5 Kh8 1/2-1/2

[Event "22. Copenhagen Open  (Politiken Cup)"]
[Site "Copenhagen"]
[Date "2000.07.25"]
[Round "8"]
[White "Rosenberg, Jan"]
[Black "Mashiri, Arthur"]
[Result "0-1"]
[WhiteElo "1625"]
[BlackElo "2045"]
[PlyCount "62"]
[EventDate "2000.07.17"]
[EventType "swiss"]
[EventRounds "11"]
[EventCountry "DEN"]
[SourceDate "2004.01.01"]

1. e4 d6 2. d4 Nf6 3. Nc3 g6 4. Nf3 Bg7 5. h3 c6 6. Be3 Qc7 7. Qd2 Nbd7 8. Bd3
b5 9. d5 b4 10. dxc6 bxc3 11. cxd7+ Nxd7 12. Qe2 cxb2 13. Rb1 Qa5+ 14. Nd2 Qxa2
15. O-O O-O 16. Bg5 Re8 17. f4 Rb8 18. Bc4 Qa5 19. e5 d5 20. Bd3 Nc5 21. f5
Nxd3 22. fxg6 Nxe5 23. gxf7+ Nxf7 24. Qh5 Qb6+ 25. Kh1 Qg6 26. Qxg6 hxg6 27.
Be3 a5 28. Nf3 Bf5 29. Rf2 a4 30. Nd4 a3 31. Nxf5 a2 0-1

[Event "22. Copenhagen Open  (Politiken Cup)"]
[Site "Copenhagen"]
[Date "2000.07.25"]
[Round "8"]
[White "Rytter, Morten"]
[Black "Wiman, Kenneth"]
[Result "1-0"]
[WhiteElo "1576"]
[BlackElo "1895"]
[PlyCount "113"]
[EventDate "2000.07.17"]
[EventType "swiss"]
[EventRounds "11"]
[EventCountry "DEN"]
[SourceDate "2004.01.01"]

1. d4 e6 2. c4 Nf6 3. Nf3 d5 4. g3 c6 5. Nbd2 Nbd7 6. Bg2 Be7 7. O-O O-O 8. b3
Ne4 9. Nxe4 dxe4 10. Ne1 f5 11. Bb2 Bf6 12. Nc2 c5 13. Rb1 Qc7 14. Ne3 b6 15.
d5 Bxb2 16. Rxb2 Nf6 17. dxe6 Bxe6 18. Qc1 Rad8 19. Rd1 Rd4 20. Rbd2 Rfd8 21.
Nc2 R4d7 22. Ne3 Rxd2 23. Rxd2 h6 24. Bh3 g6 25. Qd1 Rxd2 26. Qxd2 Kg7 27. Nd1
Qe5 28. Nc3 Qd4 29. Qxd4 cxd4 30. Nb5 d3 31. exd3 exd3 32. Bf1 d2 33. Be2 Ne4
34. f3 Nc5 35. Nc3 g5 36. f4 gxf4 37. gxf4 Kf6 38. Kf2 Ne4+ 39. Nxe4+ fxe4 40.
Ke3 Kf5 41. Bd1 Bd7 42. Bc2 Bc6 43. h3 a5 44. Bd1 Kf6 45. Kxd2 Bd7 46. Bg4 Be8
47. Ke3 h5 48. Bc8 Bg6 49. a3 h4 50. b4 axb4 51. axb4 Bf7 52. c5 bxc5 53. bxc5
Bd5 54. Bd7 Ke7 55. c6 Kd6 56. Kd4 Kc7 57. Kxd5 1-0

[Event "22. Copenhagen Open  (Politiken Cup)"]
[Site "Copenhagen"]
[Date "2000.07.25"]
[Round "8"]
[White "Schmidt, Horst"]
[Black "Christensen, Verner"]
[Result "0-1"]
[WhiteElo "2025"]
[BlackElo "1761"]
[PlyCount "106"]
[EventDate "2000.07.17"]
[EventType "swiss"]
[EventRounds "11"]
[EventCountry "DEN"]
[SourceDate "2004.01.01"]

1. d4 f5 2. g3 e6 3. c4 Nf6 4. Nc3 d5 5. Bg2 Be7 6. Nf3 O-O 7. Ne5 c6 8. O-O
Qe8 9. e3 Nbd7 10. cxd5 exd5 11. f4 Ne4 12. Nxd7 Bxd7 13. Qb3 Kh8 14. Qxb7 Bd6
15. Qa6 Qe7 16. Qd3 Rab8 17. a3 Rb3 18. Qc2 Rfb8 19. Bf3 Nxc3 20. bxc3 Bxa3 21.
Bd2 Rb2 22. Qd3 Bc8 23. Bc1 R2b3 24. Bxa3 Rxa3 25. Rab1 Rab3 26. Rxb3 Rxb3 27.
Rc1 h6 28. Bd1 Rb2 29. Rc2 Qa3 30. Qd2 Rb1 31. Kf2 Qa1 32. Be2 Rh1 33. Kf3 Ba6
34. Bxa6 Qxa6 35. c4 dxc4 36. Kg2 c3 37. Qf2 Qa1 38. Rxc3 Rxh2+ 39. Kxh2 Qxc3
40. Kg2 a5 41. Kf3 a4 42. g4 fxg4+ 43. Kxg4 a3 44. f5 Qc4 45. Qf4 a2 46. Qb8+
Kh7 47. Qb2 Qa4 48. Qa1 Qb3 49. f6 Qb1 50. f7 Qg6+ 51. Kh4 Qxf7 52. Qb2 Qf3 53.
Qc2+ Kh8 0-1

[Event "22. Copenhagen Open  (Politiken Cup)"]
[Site "Copenhagen"]
[Date "2000.07.25"]
[Round "8"]
[White "Schyberg, Brian"]
[Black "Mortensen, Erling"]
[Result "0-1"]
[WhiteElo "2010"]
[BlackElo "2438"]
[PlyCount "78"]
[EventDate "2000.07.17"]
[EventType "swiss"]
[EventRounds "11"]
[EventCountry "DEN"]
[SourceDate "2004.01.01"]

1. d4 Nf6 2. Nc3 d5 3. e4 dxe4 4. f3 Bf5 5. fxe4 Nxe4 6. Qf3 Nd6 7. Bf4 e6 8.
O-O-O c6 9. g4 Bg6 10. Qe3 Be7 11. Nf3 Nd7 12. d5 cxd5 13. Nxd5 exd5 14. Bxd6
Be4 15. Bxe7 Qxe7 16. Bd3 O-O 17. Rhe1 Nc5 18. Bxe4 dxe4 19. Nd2 Rae8 20. Nxe4
$11 Qxe4 21. Qxc5 Qxg4 22. Rxe8 Rxe8 23. Qxa7 Qe4 24. Qd4 g5 25. Qxe4 Rxe4 26.
Rg1 h6 27. Kd2 Kg7 28. Kd3 f5 29. c4 Kf6 30. a4 Ke5 31. a5 f4 32. a6 Re3+ 33.
Kd2 bxa6 34. Ra1 Kd4 35. Rxa6 Rh3 36. Rc6 Rxh2+ 37. Kc1 f3 38. b4 Kc3 39. Kd1
f2 0-1

[Event "22. Copenhagen Open  (Politiken Cup)"]
[Site "Copenhagen"]
[Date "2000.07.25"]
[Round "8"]
[White "Schonberg, Niels Peder"]
[Black "Nedergaard, Klaus"]
[Result "1-0"]
[WhiteElo "1198"]
[BlackElo "1012"]
[PlyCount "57"]
[EventDate "2000.07.17"]
[EventType "swiss"]
[EventRounds "11"]
[EventCountry "DEN"]
[SourceDate "2004.01.01"]

1. d4 f5 2. Bf4 Nf6 3. Nf3 d6 4. Nc3 g6 5. h3 Bg7 6. e3 O-O 7. Bc4+ e6 8. O-O
Qe8 9. Re1 d5 10. Bd3 c6 11. Ne2 Nbd7 12. Bd6 Ne4 13. Bxf8 Qxf8 14. Bxe4 dxe4
15. Nd2 e5 16. c3 Nb6 17. Qb3+ Kh8 18. f3 Bh6 19. c4 Bxe3+ 20. Qxe3 f4 21. Qxe4
Qf6 22. dxe5 Qg5 23. Nxf4 Bf5 24. Qe3 Re8 25. Rac1 Bc8 26. c5 Nd7 27. Ne4 b5
28. Nd6 Kg7 29. Nxe8+ 1-0

[Event "22. Copenhagen Open  (Politiken Cup)"]
[Site "Copenhagen"]
[Date "2000.07.25"]
[Round "8"]
[White "Simonsen, Olavur"]
[Black "Nilssen, John Arni"]
[Result "0-1"]
[WhiteElo "2183"]
[BlackElo "2354"]
[PlyCount "59"]
[EventDate "2000.07.17"]
[EventType "swiss"]
[EventRounds "11"]
[EventCountry "DEN"]
[SourceDate "2004.01.01"]

1. e4 c5 2. Nf3 Nc6 3. Bb5 g6 4. O-O Bg7 5. c3 e5 6. b4 cxb4 7. d4 exd4 8. cxd4
Nge7 9. Bg5 O-O 10. Nbd2 h6 11. Bh4 d6 12. Rc1 g5 13. Bg3 Bg4 14. Qa4 d5 15.
exd5 Nxd5 16. Bxc6 bxc6 17. Qxc6 Nc3 18. Qa6 Bd7 19. Rfe1 Bb5 20. Qb7 Ne2+ 21.
Rxe2 Bxe2 22. Rc7 g4 23. Ne1 Qxd4 24. Nb3 Qb6 25. Rxf7 Qxb7 26. Rxb7 a5 27. h3
Rfe8 28. Nc2 gxh3 29. Ne3 Bd1 30. Nd4 0-1

[Event "22. Copenhagen Open  (Politiken Cup)"]
[Site "Copenhagen"]
[Date "2000.07.25"]
[Round "8"]
[White "Skytte, Rasmus"]
[Black "Ward, Christopher"]
[Result "1/2-1/2"]
[WhiteElo "2323"]
[BlackElo "2508"]
[PlyCount "101"]
[EventDate "2000.07.17"]
[EventType "swiss"]
[EventRounds "11"]
[EventCountry "DEN"]
[SourceDate "2004.01.01"]

1. e4 c5 2. Nc3 Nc6 3. Bb5 Nd4 4. Bc4 e6 5. Nge2 Nf6 6. e5 d5 7. exd6 Bxd6 8.
d3 O-O 9. Nxd4 cxd4 10. Ne2 b5 11. Bb3 Bb7 12. O-O Bc7 13. Bf4 e5 14. Bg5 h6
15. Bxf6 Qxf6 16. Ng3 Qc6 17. f3 g6 18. a4 a6 19. axb5 axb5 20. Rxa8 Rxa8 21.
Re1 Kg7 22. Qe2 f5 23. Qf2 Re8 24. Ne2 Ba5 25. Rd1 Qf6 26. Kf1 Bb6 27. Re1 Ba5
28. Ra1 Bb6 29. Re1 Qg5 30. f4 Qf6 31. fxe5 Qxe5 32. Nf4 Qxe1+ 33. Qxe1 Rxe1+
34. Kxe1 g5 35. Bd5 Bc8 36. Ne2 b4 37. Kf2 Kf6 38. Ba8 Bd7 39. b3 Ke5 40. Bb7
Bd8 41. Ng3 Be8 42. Nf1 Bh5 43. Nd2 Kd6 44. Nc4+ Kc5 45. Bf3 g4 46. Be2 Be8 47.
g3 h5 48. Bf1 f4 49. gxf4 Bc7 50. Kg3 Bc6 51. Be2 1/2-1/2

[Event "22. Copenhagen Open  (Politiken Cup)"]
[Site "Copenhagen"]
[Date "2000.07.25"]
[Round "8"]
[White "Thomsen, Heinrich Kirch"]
[Black "Nielsen, Jens Holm"]
[Result "0-1"]
[WhiteElo "1432"]
[BlackElo "2060"]
[PlyCount "76"]
[EventDate "2000.07.17"]
[EventType "swiss"]
[EventRounds "11"]
[EventCountry "DEN"]
[SourceDate "2004.01.01"]

1. e4 e5 2. Nf3 d6 3. d4 Qe7 4. Nc3 c6 5. Bc4 g6 6. Be3 Bg7 7. Qd2 Nd7 8. Ng5
Nh6 9. Ne6 fxe6 10. Bxh6 exd4 11. Bxg7 Qxg7 12. Ne2 Nb6 13. Bb3 c5 14. a4 Bd7
15. a5 Nc8 16. O-O O-O 17. f4 Kh8 18. Rf3 Ne7 19. Raf1 d5 20. exd5 exd5 21. c3
c4 22. Ba2 d3 23. Nd4 Nf5 24. Nxf5 Bxf5 25. Re1 Rfe8 26. Rxe8+ Rxe8 27. Re3 Qd7
28. b3 Re4 29. Qf2 Qe7 30. Rxe4 Qxe4 31. bxc4 dxc4 32. Qd2 Bd7 33. Kf2 Bc6 34.
Kg1 b5 35. axb6 axb6 36. h3 b5 37. Kf1 Qxg2+ 38. Ke1 Qg1# 0-1

[Event "22. Copenhagen Open  (Politiken Cup)"]
[Site "Copenhagen"]
[Date "2000.07.25"]
[Round "8"]
[White "Aabling Thomsen, Jakob"]
[Black "McShane, Rod"]
[Result "1-0"]
[WhiteElo "1589"]
[BlackElo "1400"]
[PlyCount "75"]
[EventDate "2000.07.17"]
[EventType "swiss"]
[EventRounds "11"]
[EventCountry "DEN"]
[SourceDate "2004.01.01"]

1. d4 Nf6 2. c4 g6 3. Nc3 Bg7 4. e4 d6 5. h3 O-O 6. Nf3 Nbd7 7. Bd3 e5 8. d5
Nc5 9. Bg5 h6 10. Be3 Nh5 11. Qd2 g5 12. O-O-O Na6 13. g4 Nf4 14. Rdg1 c5 15.
h4 f6 16. Rg3 Nb4 17. Bc2 a5 18. a3 Na6 19. Ng1 Ng6 20. Nf3 Nf4 21. Bd1 Bd7 22.
Ba4 Bxa4 23. Nxa4 Rb8 24. Nc3 Nc7 25. a4 Na6 26. Rgg1 Nb4 27. Ne2 Nfd3+ 28. Kb1
Qd7 29. b3 Ra8 30. Ne1 Nf4 31. f3 Rfb8 32. Ng3 b5 33. cxb5 Qc7 34. Nf5 Bf8 35.
hxg5 hxg5 36. Bxf4 exf4 37. Qh2 Kf7 38. Qh5+ 1-0

[Event "22. Copenhagen Open  (Politiken Cup)"]
[Site "Copenhagen"]
[Date "2000.07.25"]
[Round "8"]
[White "Tjornsted, Peter"]
[Black "Jessen, Simon Pind"]
[Result "1/2-1/2"]
[WhiteElo "1868"]
[BlackElo "2126"]
[PlyCount "57"]
[EventDate "2000.07.17"]
[EventType "swiss"]
[EventRounds "11"]
[EventCountry "DEN"]
[SourceDate "2004.01.01"]

1. d4 d5 2. Nf3 Nf6 3. Bf4 g6 4. c3 Bg7 5. h3 O-O 6. e3 b6 7. Be2 c5 8. Nbd2
Nc6 9. O-O Nd7 10. Bb5 Bb7 11. Re1 a6 12. Ba4 Re8 13. Rc1 Rc8 14. Bc2 e5 15.
dxe5 Ndxe5 16. Nxe5 Nxe5 17. Nf3 Nxf3+ 18. Qxf3 Qd7 19. Rcd1 Qb5 20. Rb1 Ba8
21. Qg3 Qc6 22. Bd1 d4 23. Bg4 f5 24. Bf3 Qe6 25. Bxa8 Rxa8 26. cxd4 cxd4 27.
b3 Rac8 28. Red1 dxe3 29. Qxe3 1/2-1/2

[Event "22. Copenhagen Open  (Politiken Cup)"]
[Site "Copenhagen"]
[Date "2000.07.25"]
[Round "8"]
[White "Tolstrup, Thomas"]
[Black "Ronsted, Torben"]
[Result "1/2-1/2"]
[WhiteElo "1856"]
[BlackElo "2114"]
[PlyCount "81"]
[EventDate "2000.07.17"]
[EventType "swiss"]
[EventRounds "11"]
[EventCountry "DEN"]
[SourceDate "2004.01.01"]

1. Nf3 d5 2. d4 Nf6 3. c4 c6 4. cxd5 cxd5 5. Nc3 Nc6 6. Bf4 Bf5 7. e3 e6 8. Ne5
Nd7 9. Nxc6 bxc6 10. Be2 Be7 11. O-O O-O 12. Qa4 Qb6 13. b3 Rfd8 14. a3 Bc2 15.
Bd1 Bd3 16. Be2 Bxe2 17. Nxe2 c5 18. Rab1 cxd4 19. exd4 Nf6 20. Rfc1 Rdc8 21.
b4 h6 22. h3 Bf8 23. b5 Ne4 24. Qb3 Qa5 25. a4 g5 26. Be3 Nd6 27. f3 Nc4 28.
Kf2 Bd6 29. Rc2 Rc7 30. Rbc1 Rac8 31. f4 Nxe3 32. Rxc7 Rxc7 33. Rxc7 Qxc7 34.
Qxe3 gxf4 35. Qb3 Kg7 36. Kf3 f6 37. h4 Qf7 38. Nxf4 Bxf4 39. Kxf4 Qh5 40. Qg3+
Kf7 41. Ke3 1/2-1/2

[Event "22. Copenhagen Open  (Politiken Cup)"]
[Site "Copenhagen"]
[Date "2000.07.25"]
[Round "8"]
[White "Tozer, Richard"]
[Black "Mittelmann, Gur"]
[Result "0-1"]
[WhiteElo "2317"]
[BlackElo "2419"]
[PlyCount "73"]
[EventDate "2000.07.17"]
[EventType "swiss"]
[EventRounds "11"]
[EventCountry "DEN"]
[SourceDate "2004.01.01"]

1. d4 Nf6 2. c4 g6 3. Nc3 Bg7 4. e4 d6 5. Be2 O-O 6. Bg5 c5 7. d5 a6 8. a4 h6
9. Bf4 e6 10. dxe6 Bxe6 11. Bxd6 Re8 12. Nf3 Qb6 13. O-O Nbd7 14. e5 Ng4 15. a5
Qxb2 16. Nd5 Bxd5 17. cxd5 Ngxe5 18. Rb1 Qa2 19. Rxb7 c4 20. Nxe5 Bxe5 21. Bxe5
Nxe5 22. f4 Nd7 23. Bf3 Nc5 24. Rb1 Nd3 25. f5 Qxa5 26. fxg6 Qc5+ 27. Kh1 fxg6
28. Qd2 Re3 29. Rb7 c3 30. Qa2 Qd6 31. h3 Rae8 32. Rbb1 Re1 33. Rbxe1 Rxe1 34.
Be2 Rxf1+ 35. Bxf1 Nb4 36. Qc4 c2 37. Qc8+ {Time.} 0-1